On setting prices for certain manufacturing commodities (Record no. 13502)

000 -LEADER
fixed length control field 00434pab a2200169 454500
008 - FIXED-LENGTH DATA ELEMENTS--GENERAL INFORMATION
fixed length control field 180718b1991 xxu||||| |||| 00| 0 eng d
100 ## - MAIN ENTRY--PERSONAL NAME
Personal name Jha, Raghbendra
245 ## - TITLE STATEMENT
Title On setting prices for certain manufacturing commodities
260 ## - PUBLICATION, DISTRIBUTION, ETC.
Date of publication, distribution, etc. 1991
300 ## - PHYSICAL DESCRIPTION
Extent M-2-6
362 ## - DATES OF PUBLICATION AND/OR SEQUENTIAL DESIGNATION
Dates of publication and/or sequential designation 23 Feb.
650 ## - SUBJECT ADDED ENTRY--TOPICAL TERM
Topical term or geographic name entry element Manufactures - India
700 ## - ADDED ENTRY--PERSONAL NAME
Personal name S. Paul
700 ## - ADDED ENTRY--PERSONAL NAME
Personal name M.V. Murty
773 ## - HOST ITEM ENTRY
Main entry heading Economic and Political Weekly
909 ## -
-- 13502
Holdings
Withdrawn status Lost status Damaged status Not for loan Permanent Location Current Location Date acquired Serial Enumeration / chronology Barcode Date last seen Price effective from Koha item type
        Indian Institute of Public Administration Indian Institute of Public Administration 2018-07-19 Volume no: 26, Issue no: 8 AR13545 2018-07-19 2018-07-19 Articles

Powered by Koha